000 00329nam a2200145Ia 4500
100 _aMurugesh/ Kumar/ Jagannath
942 _cBK
654 _aelectronics
245 _aBasic Electrical Electronics Engineering
260 _bVikas pub.
_c1999
082 _a621.3
_bMUR/JAG
300 _a0 0
546 _aENGLISH
999 _c33651
_d33651